Ako vybrať online špecialistov do marketingového tímu
Online marketingová stratégia a spôsoby riešenia online marketingovej aktivity. Rôzne typy online marketingu a proces marketingových kampaní. Využívanie služieb digitálnych agentúr alebo socialmedia konzultantov.
Salvato in:
| Autore principale: | |
|---|---|
| Natura: | Capitolo di libro |
| Lingua: | slovacco |
| Soggetti: | |
| Tags: |
Nessun Tag, puoi essere il primo ad aggiungerne!!
|
MARC
| LEADER | 00000naa a2200000 4500 | ||
|---|---|---|---|
| 001 | 0151949 | ||
| 005 | 20230912101604.9 | ||
| 041 | 0 | |a slo | |
| 044 | |a SK | ||
| 245 | 1 | 0 | |a Ako vybrať online špecialistov do marketingového tímu |c Bronislava Molnárová |
| 520 | |a Online marketingová stratégia a spôsoby riešenia online marketingovej aktivity. Rôzne typy online marketingu a proces marketingových kampaní. Využívanie služieb digitálnych agentúr alebo socialmedia konzultantov. | ||
| 610 | 2 | 0 | |a marketing |
| 610 | 2 | 0 | |a stratégia marketingová |
| 610 | 2 | 0 | |a komunikácia marketingová |
| 610 | 2 | 0 | |a podpora predaja |
| 610 | 2 | 0 | |a stratégia obchodná |
| 610 | 2 | 0 | |a komunikácia elektronická |
| 610 | 2 | 0 | |a internet |
| 610 | 2 | 0 | |a stránky webové |
| 100 | 1 | |a Molnárová, Bronislava | |